Sen kötü bir adamsın Bay Çiklet : (Record no. 23485)

MARC details
000 -BAŞLIK
Sabit Uzunluktaki Kontrol Alanı 00666nam a22002057a 4500
003 - KONTROL NUMARASI KİMLİĞİ
Kontrol Alanı koha_MIRAKIL
005 - EN SON İŞLEM TARİHİ ve ZAMANI
Kontrol Alanı 20260415104137.0
008 - SABİT UZUNLUKTAKİ VERİ ÖGELERİ - GENEL BİLGİ
Sabit Alan 260415b tur||||| |||| 00| 0 tur d
020 ## - ISBN - ULUSLARARASI STANDART KİTAP NUMARASI
Isbn 9789944692731
040 ## - KATALOGLAMA KAYNAĞI
Özgün Kataloglama Kurumu TR-IsEVY
Kataloglama Dili tur
Çeviri Kurumu TR-IsEVY
082 ## - DEWEY ONU SINIFLAMA SİSTEMİ
Sınıflama Numarası FIC STA/S
100 ## - KİŞİ ADI
Yazar Adı (Kişi adı) Stanten, Andy
245 #0 - ESER ADI BİLDİRİMİ
Başlık Sen kötü bir adamsın Bay Çiklet :
Alt Eseradı vb. Limonlu Bayır'dan hikayeler /
Sorumluluk Bildirimi Andy Stanten ; resimleyen David Tazzyman.
250 ## - BASIM BİLDİRİMİ
Basım Bildirimi 2. bs.
260 ## - YAYIN, DAĞITIM, VB.
Yayın Yeri İzmir :
Yayınevi Tudem Yayınları,
Yayın Tarihi 2009.
300 ## - FİZİKSEL TANIMLAMA
Sayfa, Cilt vb. 110 s. :
Diğer fiziki detaylar renkli resimli ;
Boyutları 19 cm.
650 ## - KONU BAŞLIĞI EK GİRİŞ - KONU TERİMİ
Konusal terim veya coğrafi ad Çocuk Edebiyatı.
Alt başlık biçimi Çocuk Romanı.
700 1# - EK GİRİŞ - KİŞİ ADI
Yazar Adı (Kişi adı) Tazzyman, David.
Ünvan resimleyen.
942 ## - EK GİRİŞ ÖGELERİ (KOHA)
Source of classification or shelving scheme Dewey Decimal Classification
Koha item type Kitap
Holdings
Kayıp Durumu Sınıflandırma Kaynağı Hasarlı Durumu Koleksiyon Kodu Kalıcı Konum Mevcut Konum Kayıt Tarih Edinim Kaynağı Toplam Ödünçverme Yer Numarası Demirbaş Numarası Son Görülme Tarihi Fatura Tarihi Materyal Türü
  Dewey Decimal Classification   İlkokul İLKOKUL KÜTÜPHANESİ İLKOKUL KÜTÜPHANESİ 15/04/2026 Bağış   FIC STA/S 25096 15/04/2026 15/04/2026 Kitap